| 000 | 01736cad a2200265 4500 | ||
|---|---|---|---|
| 001 | L158926 | ||
| 008 | 100215n2013 000 0 eng u | ||
| 020 | _a9781783210305 | ||
| 035 | _a(Sirsi) u158926 | ||
| 041 | _aeng | ||
| 100 | 1 | _aMenghre, Narinder | |
| 111 | 2 |
_aConstruction and Building Research Conference _cIIT Delhi, New Delhi _d10-12 September 2013 |
|
| 245 | 0 | 4 |
_aInvestigating the knowledge about health and safety by North Indian migrants working in the UK West Midlands construction industry _ba pilot study _h[electronic resource] |
| 260 |
_aLondon _bRICS _c2013 |
||
| 490 | 0 |
_aCOBRA _v2013 |
|
| 520 | _aA paper presented at the COBRA Conference in New Delhi on 10-12 September 2013. Investigates the West Midland based North-Indian migrants' awareness of issues related to health and safety on a construction site. The study revealed that migrants are employed in both skilled and unskilled jobs. They are often exploited for the fact that they have low English language skills. They have low health and safety knowledge and are paid significantly below the UK National Minimum Wage. This paper highlights to the industry and academia key aspects of safety awareness by immigrant workers in West Midlands. | ||
| 650 | 2 | 4 | _aCONSTRUCTION AND BUILDING RESEARCH CONFERENCE (COBRA) |
| 650 | 2 | 4 |
_aHealth and safety _96244 |
| 650 | 2 | 4 | _aMIGRATION |
| 651 | 4 |
_aUnited Kingdom _y |
|
| 690 |
_aHealth and safety _96244 |
||
| 700 | 1 |
_aSuresh, Subashini _cDr |
|
| 856 | 4 | 0 |
_uhttps://www.rics.org/Global/Paper%2038%20INVESTIGATING%20THE%20KNOWLEDGE%20ABOUT%20HEALTH%20AND%20SAFETY%20BY%20NORTH%20INDIAN%20MIGRANTS.pdf _zView this item free of charge at www.rics.org _zView this item free of charge at www.rics.org |
| 942 | _n0 | ||
| 999 |
_c115590 _d115590 |
||